[Event "Ramat Gan Spring op"]
[Site "Ramat Gan"]
[Date "2023.05.29"]
[Round "4"]
[White "Gurevich, Hillel"]
[Black "Hasson Shreger, Shalev"]
[Result "1-0"]
[WhiteElo "1656"]
[BlackElo "1899"]
[PlyCount "73"]
[EventDate "2023.05.01"]
[EventType "swiss"]
[EventRounds "7"]
[EventCountry "ISR"]
[SourceTitle "CBM 215 Extra"]
[Source "ChessBase"]
[SourceDate "2023.09.30"]
[SourceVersion "1"]
[SourceVersionDate "2023.09.30"]
[SourceQuality "1"]

1. e4 c5 2. c4 Nc6 3. Ne2 Nf6 4. Nbc3 e6 5. d4 cxd4 6. Nxd4 Bb4 7. Nxc6 bxc6 8. Bd3 e5 9. Be3 0-0 10. 0-0 d6 11. h3 Be6 12. Qa4 Bxc3 13. bxc3 Qc7 14. f4 exf4 15. Bxf4 Nd7 16. Rfd1 Nc5 17. Qa3 Rad8 18. Qxc5 Qd7 19. Qe3 h6 20. Rf1 d5 21. cxd5 cxd5 22. Rad1 Qc6 23. e5 Bc8 24. Rf3 Kh8 25. Rg3 Bb7 26. Qd4 Rc8 27. Rb1 Ba8 28. e6 f6 29. e7 Rf7 30. Bb5 Qb7 31. Bd6 a6 32. Bd3 Qc6 33. Re3 Qd7 34. e8Q+ Rxe8 35. Rxe8+ Qxe8 36. Rb8 Qxb8 37. Bxb8 1-0

[Event "Rishon Le Ziyyon-ch U18"]
[Site "Rishon Le Ziyyon"]
[Date "2023.03.30"]
[Round "4"]
[White "Hasson Shreger, Shalev"]
[Black "Michaeli, Omri"]
[Result "0-1"]
[WhiteElo "1817"]
[BlackElo "1788"]
[PlyCount "94"]
[EventDate "2023.03.28"]
[EventType "swiss"]
[EventRounds "9"]
[EventCountry "ISR"]
[SourceTitle "CBM 213 Extra"]
[Source "ChessBase"]
[SourceDate "2023.05.31"]
[SourceVersion "1"]
[SourceVersionDate "2023.05.31"]
[SourceQuality "1"]

1. d4 Nf6 2. c4 e6 3. Nf3 b6 4. g3 Ba6 5. b3 Bb4+ 6. Bd2 Be7 7. Bg2 c6 8. Nc3 d5 9. Ne5 Nfd7 10. Nxd7 Qxd7 11. 0-0 0-0 12. Qc2 Bf6 13. Rfd1 Bxd4 14. cxd5 cxd5 15. e4 Nc6 16. exd5 Nb4 17. Qe4 e5 18. Bf1 Bb7 19. Bb5 Qd6 20. Bc4 Qg6 21. Qf3 Rad8 22. a3 Na6 23. Rac1 Nc7 24. Be3 Bxc3 25. Rxc3 Ne8 26. Bb5 Nd6 27. Bc6 Bc8 28. Qg2 Qh5 29. f3 f5 30. Re1 f4 31. g4 Qg6 32. Bc1 e4 33. fxe4 Bxg4 34. Kh1 f3 35. Qf2 Nxe4 36. Rxe4 Qxe4 37. d6 Qe2 38. Be3 Qxf2 39. Bxf2 Rxd6 40. h3 Bxh3 41. Kh2 Rc8 42. Kxh3 Rdxc6 43. Rd3 Rc3 44. Rd7 R8c7 45. Rd8+ Kf7 46. Bg3 f2 47. Rd1 Rc1 0-1

[Event "Ramat Gan op"]
[Site "Ramat Gan"]
[Date "2023.02.27"]
[Round "6"]
[White "Hasson Shreger, Shalev"]
[Black "Kochavi, Dana"]
[Result "1-0"]
[WhiteElo "1823"]
[BlackElo "1956"]
[PlyCount "71"]
[EventDate "2023.01.16"]
[EventType "swiss"]
[EventRounds "7"]
[EventCountry "ISR"]
[SourceTitle "CBM 213 Extra"]
[Source "ChessBase"]
[SourceDate "2023.05.31"]
[SourceVersion "1"]
[SourceVersionDate "2023.05.31"]
[SourceQuality "1"]

1. e4 c6 2. d4 d5 3. e5 Bf5 4. h4 a6 5. a3 h6 6. Bd3 Bxd3 7. Qxd3 e6 8. Ne2 c5 9. Nd2 cxd4 10. Nxd4 Nc6 11. N2f3 Nxd4 12. Qxd4 Ne7 13. Bd2 Nc6 14. Qg4 g6 15. 0-0 Bg7 16. h5 g5 17. Rfe1 Qc7 18. Rad1 Rc8 19. Bc3 0-0 20. Rd3 Kh8 21. Qh3 d4 22. Nxd4 Nxe5 23. Rde3 g4 24. Qh4 Nc4 25. Re4 Qd8 26. Qg3 Qc7 27. Qxc7 Rxc7 28. Rxg4 e5 29. Nf5 f6 30. Nxg7 Rxg7 31. Rxc4 Rd8 32. f4 Rg4 33. Rce4 Rdg8 34. R1e2 Rd8 35. fxe5 Rd1+ 36. Kh2 1-0

[Event "Ramat Gan op"]
[Site "Ramat Gan"]
[Date "2023.02.13"]
[Round "4"]
[White "Hasson Shreger, Shalev"]
[Black "Soybert, Ori"]
[Result "1/2-1/2"]
[WhiteElo "1823"]
[BlackElo "1736"]
[PlyCount "105"]
[EventDate "2023.01.16"]
[EventType "swiss"]
[EventRounds "7"]
[EventCountry "ISR"]
[SourceTitle "CBM 213 Extra"]
[Source "ChessBase"]
[SourceDate "2023.05.31"]
[SourceVersion "1"]
[SourceVersionDate "2023.05.31"]
[SourceQuality "1"]

1. e4 c5 2. Nf3 Nc6 3. Bb5 e5 4. 0-0 Bd6 5. d4 Nxd4 6. Bc4 Nf6 7. Ng5 0-0 8. c3 Ne6 9. Qxd6 Nxg5 10. Bxg5 Nxe4 11. Bxd8 Nxd6 12. Be7 Nxc4 13. Bxf8 Kxf8 14. b3 Nb6 15. c4 d5 16. cxd5 Nxd5 17. Nd2 Ke7 18. Rfe1 f6 19. Nf1 Be6 20. Ne3 Nxe3 21. Rxe3 b5 22. Rae1 Bd5 23. Rh3 h6 24. Rg3 Rg8 25. Rd1 Ke6 26. Kf1 h5 27. Rgd3 Rd8 28. Ke1 Rd7 29. f3 g6 30. Rc3 Kd6 31. Kf2 Kc6 32. g4 h4 33. g5 f5 34. Re3 Kd6 35. Rde1 e4 36. fxe4 fxe4 37. Rh3 Rf7+ 38. Ke2 Rf4 39. Rf1 Rg4 40. Rf6+ Ke5 41. Rxg6 Rg2+ 42. Kf1 Rxa2 43. Rg7 c4 44. bxc4 bxc4 45. Rc7 Kd4 46. g6 e3 47. Rd7 Ra1+ 48. Ke2 Ra2+ 49. Ke1 Ra1+ 50. Ke2 Ra2+ 51. Ke1 Ra1+ 52. Ke2 Ra2+ 53. Ke1 1/2-1/2

[Event "ISR-chT U18"]
[Site "Beer Yaakov"]
[Date "2022.08.14"]
[Round "2.4"]
[White "Duchan, Yoav"]
[Black "Hasson Shreger, Shalev"]
[Result "1/2-1/2"]
[WhiteElo "1732"]
[BlackElo "1747"]
[PlyCount "60"]
[EventDate "2022.08.14"]
[EventType "team-swiss"]
[EventRounds "7"]
[EventCountry "ISR"]
[SourceTitle "CBM 209 Extra"]
[Source "ChessBase"]
[SourceDate "2022.09.30"]
[SourceVersion "1"]
[SourceVersionDate "2022.09.30"]
[SourceQuality "1"]

1. e4 c5 2. Nf3 Nc6 3. Bb5 g6 4. Bxc6 bxc6 5. 0-0 Bg7 6. c3 e5 7. d3 Ne7 8. Be3 d6 9. d4 cxd4 10. cxd4 Bg4 11. dxe5 Bxe5 12. Bd4 Bxf3 13. gxf3 Qa5 14. Bxe5 Qxe5 15. Qd2 Rd8 16. Nc3 0-0 17. f4 Qh5 18. Qe2 Qh4 19. Qf3 f5 20. e5 dxe5 21. fxe5 Rd4 22. Rad1 Rf4 23. Qe3 Rg4+ 24. Kh1 f4 25. Qf3 Rf5 26. Ne4 Kg7 27. Nf6 Rgg5 28. Rd4 Nd5 29. Nxd5 cxd5 30. Rg1 Rh5 1/2-1/2

[Event "ISR-ch U08/18"]
[Site "Savyon"]
[Date "2022.04.14"]
[Round "9"]
[White "Hasson Shreger, Shalev"]
[Black "Pelech, Roee"]
[Result "0-1"]
[WhiteElo "1792"]
[BlackElo "1869"]
[PlyCount "78"]
[EventDate "2022.04.06"]
[EventType "swiss"]
[EventRounds "9"]
[EventCountry "ISR"]
[SourceTitle "EXT 2023"]
[Source "ChessBase"]
[SourceDate "2022.10.05"]
[SourceVersion "1"]
[SourceVersionDate "2022.10.05"]
[SourceQuality "1"]

1. e4 c5 2. Nf3 e6 3. d4 cxd4 4. Qxd4 Nc6 5. Qd3 Qc7 6. Nc3 a6 7. Be2 b5 8. Be3 Nf6 9. h3 Bb7 10. e5 Nxe5 11. Nxe5 Qxe5 12. Bd4 Qc7 13. Bf3 Be7 14. Bxb7 Qxb7 15. 0-0-0 d5 16. Rde1 0-0 17. Qg3 Rac8 18. f4 Qc6 19. Re2 b4 20. Nb1 Qc4 21. Qe3 Ne4 22. b3 Qc6 23. g4 Bf6 24. Bxf6 Nxf6 25. Rg1 Rfd8 26. Qd4 Qc5 27. Rd1 a5 28. Qxc5 Rxc5 29. g5 Nh5 30. Rd4 Ng3 31. Red2 Nf5 32. R4d3 Rdc8 33. Kb2 d4 34. a3 g6 35. Rh2 Kg7 36. h4 Ne3 37. Rxd4 Rxc2+ 38. Rxc2 Rxc2+ 39. Ka1 Rf2 0-1